000 00932cam a22002411i 4500
003 SA-RiAUC
005 20250114074838.0
008 250113s1993 mr g 00000 ara c
040 _aSA-JeALM
_bara
_cSA-RiAUC
_erda
082 0 4 _a258.2
_qSA-RiAUC
090 _a258.2
_bخ ل ي
100 1 _aالخليفي، عبد العزيز صالح
_eمؤلف.
245 1 2 _aالاختلاف الفقهي في المذهب المالكي :
_bمصطلحاته وأسبابه /
_cتأليف عبد العزيز بن صالح الخليفي.
250 _aالطبعة الأولى.
264 3 _aالدوحة :
_bالمطبعة الأهلية
_c1993
300 _a326 صفحة ؛
_c24 سم
336 _aنص
_btxt
_2rdacontent
_3كتاب
337 _aبدون وسيط
_bn
_2rdamedia
338 _aمجلد
_bnc
_2rdacarrier
650 7 _aالفقه المالكي
_2aucsh
942 _2ddc
_cBOOK
_n0
949 _aSA-JeALM
_d250113
_uosman123
_n1
999 _c4742
_d4742